Statistiques concernant Noms des doigts en 15 secondes

Cliquez ici pour prendre le quiz!

Statistiques générales

  • Ce quiz a été pris 198 fois
  • Le résultat moyen est 3 sur 5

Statistiques - réponses

Nom du doigt% Correct
1Pouce
88%
2Index
73%
3Majeur
67%
4Annulaire
53%
5Auriculaire
47%

Distribution des résultats

Percentile par nombre de réponses

% des personnes avec chaque résultat

Votre développement - résultats

Vous n’avez pas pris ce quiz